Pays qui contiennent la lettre T - Statistiques

Statistiques générales
  • Ce quiz a été pris 543 fois
  • Le résultat moyen est 43 sur 65
Statistiques - réponses
Indice Pays % Correct
2 x T États-Unis
89%
1 x T Turquie
89%
1 x T Tunisie
88%
2 x T Turkménistan
84%
1 x T Australie
83%
1 x T Lituanie
82%
2 x T Lettonie
80%
2 x T Tadjikistan
80%
1 x T Thaïlande
80%
1 x T Portugal
79%
1 x T Tanzanie
79%
1 x T Togo
79%
1 x T Estonie
77%
1 x T Argentine
76%
1 x T Ouzbékistan
73%
1 x T Égypte
72%
1 x T Italie
72%
1 x T Afghanistan
71%
1 x T Kazakhstan
71%
1 x T République Tchèque
71%
1 x T Vatican
71%
1 x T Pakistan
70%
4 x T Trinité-et-Tobago
69%
1 x T Éthiopie
68%
3 x T Saint-Christophe-et-Niévès
68%
1 x T Saint-Marin
68%
3 x T Saint-Vincent-et-les-Grenadines
68%
1 x T Tuvalu
68%
1 x T Autriche
67%
1 x T Émirats Arabes Unis
67%
1 x T Sainte-Lucie
67%
1 x T Kirghizistan
66%
1 x T Viêt Nam
66%
1 x T Tchad
65%
1 x T Taïwan
64%
1 x T Tonga
64%
1 x T Croatie
63%
1 x T Équateur
63%
1 x T Bhoutan
62%
1 x T Érythrée
62%
1 x T Monténégro
61%
2 x T Liechtenstein
60%
1 x T Mauritanie
60%
1 x T République Démocratique du Congo
60%
2 x T Timor Oriental
59%
1 x T Arabie Saoudite
58%
1 x T Côte d'Ivoire
58%
1 x T Guatemala
58%
1 x T Haïti
58%
1 x T Koweït
58%
2 x T Antigua-et-Barbuda
57%
1 x T Costa Rica
57%
2 x T Sao Tomé-et-Principe
57%
1 x T Malte
56%
1 x T Lesotho
55%
1 x T Botswana
54%
1 x T République Centrafricaine
54%
1 x T Guinée Équatoriale
52%
1 x T Vanuatu
52%
1 x T Cap-Vert
51%
1 x T Eswatini
50%
1 x T Qatar
50%
1 x T Djibouti
49%
1 x T Kiribati
48%
2 x T États Fédérés de Micronésie
20%
Aucun quiz correspondant
Distribution des résultats
% des personnes avec chaque résultat
Percentile par nombre de réponses
Votre historique - résultats
Vous n’avez pas pris ce quiz